Colonialism In India/ (Record no. 185190)

MARC details
000 -LEADER
fixed length control field 00566nam a22001817a 4500
005 - DATE AND TIME OF LATEST TRANSACTION
control field 20220131122602.0
010 ## - LCCN (DPL NO)
LC control number ENG-131334
020 ## - INTERNATIONAL STANDARD BOOK NUMBER
International Standard Book Number 9789352664344
Terms of availability 250.00
035 ## - SYSTEM CONTROL NUMBER
System control number EN-114866
037 ## - SOURCE OF ACQUISITION
Source of stock number/acquisition DBAD
082 ## - DEWEY DECIMAL CLASSIFICATION NUMBER
Classification number 954..035
100 ## - MAIN ENTRY--PERSONAL NAME
Personal name Pradhan, Ram Chandra
245 ## - TITLE STATEMENT
Title Colonialism In India/
Statement of responsibility, etc Ram Chandra Pradhan
260 ## - PUBLICATION, DISTRIBUTION, ETC. (IMPRINT)
Place of publication, distribution, etc New Delhi
Name of publisher, distributor, etc Prabhat Exam
Date of publication, distribution, etc 2017
270 ## - ADDRESS
City New Delhi
Address 4/19, Asaf Ali Road
Postal code 110002
Telephone number 23289555, 23289666, 23289777
Electronic mail address prabhatbooks@gmail.com
300 ## - PHYSICAL DESCRIPTION
Extent 270p.
Dimensions 21cm(pbk)
942 ## - ADDED ENTRY ELEMENTS (KOHA)
Source of classification or shelving scheme Dewey Decimal Classification
Item type English Books
Classification part 954.035
Call number suffix PRA
Holdings
Withdrawn status Lost status Not for loan Collection code Home library Current library Date acquired Source of acquisition Cost, normal purchase price Full call number Barcode Copy number Cost, replacement price Koha item type
      Non-fiction Central Library Central Library 31/01/2022 DBAD/PUB 250.00 954.035 PRA EN-114866 1 250.00 English Books

© Delhi Public Library
Hit Counter
free hit counter